Ergonomie-wofür? <ein> neues Wissenschaft gebiet im Wirkungsfeld vom Mensch und Technik
Salvato in:
| Autore principale: | |
|---|---|
| Natura: | Libro |
| Lingua: | tedesco |
| Pubblicazione: |
Leipzig
Fachbuchverlag
1980
|
| Tags: |
Nessun Tag, puoi essere il primo ad aggiungerne!!
|
MARC
| LEADER | 00000nam a2200000 4500 | ||
|---|---|---|---|
| 001 | c141935 | ||
| 005 | 20041019155323.4 | ||
| 041 | 0 | |a ger | |
| 044 | |a DE | ||
| 245 | 1 | 0 | |a Ergonomie-wofür? |b <ein> neues Wissenschaft gebiet im Wirkungsfeld vom Mensch und Technik |c Helmut Kulka |
| 264 | 1 | |a Leipzig |b Fachbuchverlag |c 1980 | |
| 300 | |a 232 s. | ||
| 100 | 1 | |a Kulka, Helmut | |